Německá recese v kontextu zavedení eura

Nemecko sa nachádza v ekonomickej recesii a na pokraji deflácie. Fiškálne transféry a nemecká kríza. Tempo rastu HDP v Nemecku. Možné riešenia krízy v Nemecku.

Na minha lista:
Detalhes bibliográficos
Autor principal: Mach, Petr
Formato: Capítulo de Livro
Idioma:tcheco
Assuntos:
Tags: Adicionar Tag
Sem tags, seja o primeiro a adicionar uma tag!

MARC

LEADER 00000naa$a2200000$$$4500
001 0002092
005 20231003120316.9
041 0 |a cze 
044 |a CZ 
245 1 0 |a Německá recese v kontextu zavedení eura  |c aut. Petr Mach 
520 |a Nemecko sa nachádza v ekonomickej recesii a na pokraji deflácie. Fiškálne transféry a nemecká kríza. Tempo rastu HDP v Nemecku. Možné riešenia krízy v Nemecku. 
610 2 0 |a kríza hospodárska 
610 2 0 |a Nemecko 
610 2 0 |a deflácia 
610 2 0 |a produkt národný hrubý 
610 2 0 |a únie menové 
100 1 |a Mach, Petr